|
|
|
|
| LEADER |
00000nam0a2200000 4500 |
| 001 |
161303 |
| 005 |
20231101222239.0 |
| 010 |
|
|
|a 9785788205588
|b 100 экз.
|
| 021 |
|
|
|a RU
|b 09-7256
|9 09-416
|
| 035 |
|
|
|a (RuTPU)RU\TPU\book\174917
|
| 090 |
|
|
|a 161303
|
| 100 |
|
|
|a 20090605d2008 k y0rusy5002 ca
|
| 101 |
0 |
|
|a rus
|
| 102 |
|
|
|a RU
|
| 105 |
|
|
|a a z 011zy
|
| 200 |
1 |
|
|a Ресурсо- и энергосберегающие технологии и аппаратурное оформление процессов, сопровождающихся выделением газовой фазы
|e монография
|f Д. Ф. Зиатдинова, В. Н. Башкиров, Р. Г. Сафин
|g Казанский государственный технологический университет (КГТУ)
|
| 210 |
|
|
|a Казань
|c Изд-во Казанского ГТУ
|d 2008
|
| 215 |
|
|
|a 166 с.
|c ил.
|d 21 см.
|
| 320 |
|
|
|a Библиогр.: с. 150-162.
|
| 320 |
|
|
|a Основные обозначения: с. 147-149.
|
| 320 |
|
|
|a Индексы: с. 149.
|
| 330 |
|
|
|a В монографии рассмотрены ресурсо- и энергосберегающие технологии и аппаратурное оформление процессов, сопровождающихся выделением газовой фазы. Предложена обобщающая математическая модель, позволяющая рассчитывать кинетику процессов "и конструктивные параметры аппаратурного оформления. Приведены результаты внедрения отдельных технологий в промышленность. Предназначена для ИТР, научных сотрудников, аспирантов, магистрантов и студентов химико-технологических специальностей. Подготовлена на кафедре переработки древесных материалов.
|
| 606 |
1 |
|
|a Газовые выбросы
|x Очистка
|2 stltpush
|3 (RuTPU)RU\TPU\subj\31692
|9 54480
|
| 610 |
1 |
|
|a химические предприятия
|
| 610 |
1 |
|
|a технологические процессы
|
| 610 |
1 |
|
|a выбросы в атмосферу
|
| 610 |
1 |
|
|a газоочистка
|
| 610 |
1 |
|
|a обобщенные модели
|
| 610 |
1 |
|
|a испарение
|
| 610 |
1 |
|
|a конденсация
|
| 610 |
1 |
|
|a совмещенные процессы
|
| 610 |
1 |
|
|a аппаратурное оформление
|
| 610 |
1 |
|
|a пар
|
| 610 |
1 |
|
|a летучие пары
|
| 610 |
1 |
|
|a адсорбция
|
| 610 |
1 |
|
|a математическое моделирование
|
| 675 |
|
|
|a 66.074
|v 3
|z rus
|
| 700 |
|
1 |
|a Зиатдинова
|b Д. Ф.
|g Диляра Фариловна
|4 070
|
| 701 |
|
1 |
|a Башкиров
|b В. Н.
|4 070
|
| 701 |
|
1 |
|a Сафин
|b Р. Г.
|g Рушан Гареевич
|4 070
|
| 712 |
0 |
2 |
|a Казанский государственный технологический университет (КГТУ)
|c (1992- )
|2 stltpush
|3 (RuTPU)RU\TPU\col\224
|
| 801 |
|
0 |
|a RU
|b 63413507
|c 20090330
|g PSBO
|
| 801 |
|
1 |
|a RU
|b 63413507
|c 20090605
|g PSBO
|
| 801 |
|
2 |
|a RU
|b 63413507
|c 20141201
|g PSBO
|
| 830 |
|
|
|a <b><br /> <b>Зиатдинова Д. Ф.</b> Ресурсо- и энергосберегающие технологии и аппаратурное оформление процессов, сопровождающихся выделением газовой фазы : монография / Зиатдинова Д. Ф., Башкиров В. Н., Сафин Р. Г.; Федер. агентство по образованию, Казан. гос. технол. ун-т. - Казань : КГТУ, 2008. - 166 с. : ил.; 21 см. - Библиогр.: с. 150-162. - 100 экз. - 978-5-7882-0558-8. - [09-7256]<br /> - - 1. Химическая технология - Процессы - Математическое моделирование. 2. Отходящие газы химических заводов - Выбросы в атмосферу - Математическое моделирование. </p><p style='text-align:right'>УДК 66.074 <br />ББК 35.11 </p>
|
| 900 |
|
|
|a Проектирование энерго- и ресурсосберегающих производств
|
| 942 |
|
|
|c BK
|